000 00637nam a22002417a 4500
003 OSt
005 20140310181924.0
008 130719t xxu||||| |||| 00| 0 eng d
020 _a971584426
050 _aQ 181
_b.Z25 2005
082 _aTRS 530
_bZ1 2005
100 _aZamora, Geraldine C.
_92278
245 _aWorktext in physical science /
_cGeraldine C. Zamora
260 _aQuezon Ave. :
_bC & E,
_cc2005.
300 _a152 p. :
_bill. ;
_c26 cm.
521 _aFaculty
541 _j1
541 _j2
541 _j3
562 _e3
650 _aPhysical sciences.
_92279
942 _2lcc
_cBK-TR
_kTRS
999 _c7142
_d7142